00322nam a2200109Ia 450000500170000000800410001710000200005824500970007826000100017530000110018565000160019620260328104323.0260328s9999||||xx |||||||||||||| ||und|| aKortan, Enís  0aLe Corbusier :b Turkish Architecture and Urbanism Through the eyes of L.C. /cEnís Kortan bBoyut a155 p. aARQUITECTOS